[Event "BRA-ch Amateur U1800"]
[Site "Sao Paulo"]
[Date "2017.10.13"]
[Round "4"]
[White "Riboldi, Mario Garcia"]
[Black "Fernandes, Jose Francisco"]
[Result "0-1"]
[WhiteElo "1608"]
[BlackElo "1723"]
[PlyCount "88"]
[EventDate "2017.10.12"]
[EventType "swiss"]
[EventRounds "7"]
[EventCountry "BRA"]
[SourceTitle "EXT 2019"]
[Source "ChessBase"]
[SourceDate "2018.10.10"]
[SourceVersion "1"]
[SourceVersionDate "2018.10.10"]
[SourceQuality "1"]

1. d4 d5 2. c4 e6 3. Nc3 Nf6 4. cxd5 Nxd5 5. e4 Nxc3 6. bxc3 Be7 7. Nf3 c6 8. Bd3 b6 9. 0-0 0-0 10. Qc2 Ba6 11. Bxa6 Nxa6 12. Qa4 Qc8 13. Ba3 Bxa3 14. Qxa3 Rd8 15. Rac1 Nc7 16. Qb2 Ne8 17. Qe2 Nd6 18. e5 Nb5 19. Qe4 h6 20. g4 Qa6 21. g5 Qxa2 22. gxh6 gxh6 23. Qf4 Qe2 24. Kh1 Kf8 25. Qxh6+ Ke7 26. Qf6+ Kd7 27. Qxf7+ Kc8 28. Qxe6+ Kb7 29. Qf7+ Nc7 30. Ng1 Qg4 31. Qf3 Qh4 32. Qg3 Qh6 33. f4 Rg8 34. Qf2 Rg4 35. f5 Rag8 36. Qe1 Nd5 37. Nf3 Qh5 38. Rg1 Qh3 39. Qf1 Qh5 40. Rxg4 Rxg4 41. Ng1 Ne3 42. Qf2 Rg2 43. Qxg2 Nxg2 44. Kxg2 Qg4+ 0-1

[Event "BRA-ch Amateur U1800"]
[Site "Sao Paulo"]
[Date "2017.10.12"]
[Round "2"]
[White "Christofoletti, Tulio"]
[Black "Fernandes, Jose Francisco"]
[Result "1-0"]
[WhiteElo "1772"]
[BlackElo "1723"]
[PlyCount "47"]
[EventDate "2017.10.12"]
[EventType "swiss"]
[EventRounds "7"]
[EventCountry "BRA"]
[SourceTitle "EXT 2019"]
[Source "ChessBase"]
[SourceDate "2018.10.10"]
[SourceVersion "1"]
[SourceVersionDate "2018.10.10"]
[SourceQuality "1"]

1. e4 e5 2. Nf3 Nf6 3. Nc3 d6 4. d4 exd4 5. Nxd4 Be7 6. Bc4 Nxe4 7. Bxf7+ Kxf7 8. Nxe4 c6 9. 0-0 Nd7 10. Qh5+ g6 11. Qf3+ Nf6 12. Ng5+ Ke8 13. Re1 h6 14. Qxf6 Kd7 15. Qe6+ Ke8 16. Qxg6+ Kd7 17. Nf7 Qg8 18. Qe6+ Kc7 19. Qxe7+ Kb6 20. Nxh8 Bh3 21. g3 Qd5 22. Nf3 Rxh8 23. Qe3+ Ka6 24. Qa3+ 1-0

[Event "BRA-ch Amateur U1800"]
[Site "Sao Paulo"]
[Date "2017.10.12"]
[Round "1"]
[White "Fernandes, Jose Francisco"]
[Black "Fujita, Daniela Miwa"]
[Result "1-0"]
[WhiteElo "1723"]
[BlackElo "1524"]
[PlyCount "113"]
[EventDate "2017.10.12"]
[EventType "swiss"]
[EventRounds "7"]
[EventCountry "BRA"]
[SourceTitle "EXT 2019"]
[Source "ChessBase"]
[SourceDate "2018.10.10"]
[SourceVersion "1"]
[SourceVersionDate "2018.10.10"]
[SourceQuality "1"]

1. e4 e5 2. Nf3 Nc6 3. Bc4 Bc5 4. 0-0 Nf6 5. d3 h6 6. c3 d6 7. a4 a6 8. b4 Ba7 9. Bb2 0-0 10. b5 Ne7 11. Nbd2 a5 12. h3 Ng6 13. d4 Re8 14. Re1 Bb6 15. Qc2 Bd7 16. Rad1 Qc8 17. Bf1 Be6 18. dxe5 dxe5 19. c4 Nd7 20. Nb3 c6 21. Nc1 Qc7 22. Ba3 Bc5 23. Rxd7 Bxd7 24. Bxc5 cxb5 25. Ba3 Rac8 26. axb5 Bxb5 27. Nd2 Bxc4 28. Qxc4 Qd7 29. Qa2 b5 30. Ne2 b4 31. Bc1 a4 32. Qd5 Qxd5 33. exd5 Red8 34. Ng3 Rxd5 35. Nb1 a3 36. Bxa3 bxa3 37. Nxa3 Kf8 38. Nc4 Re8 39. Ne3 Rd2 40. Ne4 Rd4 41. f3 f6 42. Rc1 Ne7 43. g4 Rc8 44. Rb1 Rcd8 45. Nc5 Kg8 46. Ne6 R4d7 47. Bc4 Kh7 48. Nxd8 Rxd8 49. Rb7 Ng6 50. Nf5 Rd1+ 51. Kf2 Rc1 52. Rxg7+ Kh8 53. Rxg6 Rxc4 54. Rxh6+ Kg8 55. Rxf6 Rf4 56. h4 e4 57. Ne7+ 1-0

[Event "Aldeia de Barueri op"]
[Site "Aldeia de Barueri"]
[Date "2017.08.04"]
[Round "2"]
[White "Frattini, Beatriz Maria"]
[Black "Fernandes, Jose Francisco"]
[Result "1/2-1/2"]
[WhiteElo "1235"]
[BlackElo "1729"]
[PlyCount "105"]
[EventDate "2017.08.04"]
[EventType "swiss"]
[EventRounds "6"]
[EventCountry "BRA"]
[SourceTitle "CBM 180 Extra"]
[Source "ChessBase"]
[SourceDate "2017.10.06"]
[SourceVersion "1"]
[SourceVersionDate "2017.10.06"]
[SourceQuality "1"]

1. e4 c5 2. Nf3 Nc6 3. d4 cxd4 4. Nxd4 e5 5. Nb3 Nf6 6. Bd3 d5 7. exd5 Qxd5 8. 0-0 Bg4 9. Nc3 Qd7 10. Be2 Qxd1 11. Rxd1 Bxe2 12. Nxe2 Be7 13. Be3 b6 14. h3 0-0 15. Bg5 Rfd8 16. f4 e4 17. Nc3 e3 18. Re1 a5 19. a4 Nb4 20. Rac1 Bd6 21. Rxe3 h6 22. Bxf6 gxf6 23. Rf3 Rac8 24. Kh1 Bb8 25. Rf2 Rc4 26. Rcf1 Kg7 27. g3 Nc6 28. Rd2 Rxd2 29. Nxd2 Rd4 30. Nb3 Rd7 31. Rd1 Re7 32. Nd4 Nxd4 33. Rxd4 Re1+ 34. Kg2 Rc1 35. Rd2 h5 36. Ne2 Ra1 37. b3 Ra2 38. Nc3 Rb2 39. Nb5 h4 40. Kf3 hxg3 41. Kxg3 Kg6 42. Rd8 Bc7 43. Nxc7 Rxc2 44. Nb5 Re2 45. Kf3 Rh2 46. Kg3 Re2 47. Rd3 Re1 48. Nd6 f5 49. Nc4 Re8 50. Rd6+ Kh5 51. Rxb6 f6 52. Rxf6 Re3+ 53. Nxe3 1/2-1/2

[Event "Sao Paulo Hebraica op 20th"]
[Site "Sao Paulo"]
[Date "2015.06.06"]
[Round "6"]
[White "Fernandes, Jose Francisco"]
[Black "Moura, Victor Cavinato"]
[Result "0-1"]
[WhiteElo "1724"]
[BlackElo "2017"]
[PlyCount "117"]
[EventDate "2015.06.04"]
[EventType "swiss"]
[EventRounds "6"]
[EventCountry "BRA"]
[SourceTitle "CBM 166 Extra"]
[Source "ChessBase"]
[SourceDate "2015.06.18"]
[SourceVersion "1"]
[SourceVersionDate "2015.06.18"]
[SourceQuality "1"]

1. e4 c5 2. Nf3 e6 3. Be2 Nc6 4. c3 Nf6 5. d3 d6 6. 0-0 Be7 7. Re1 0-0 8. Bf1 Qc7 9. d4 e5 10. d5 Nb8 11. h3 Nbd7 12. Na3 a6 13. Nc2 Re8 14. c4 g6 15. a4 Bf8 16. b4 cxb4 17. Nxb4 Nc5 18. Nd2 Bh6 19. Qc2 Nfd7 20. Nd3 Rf8 21. Nb3 Bxc1 22. Raxc1 Nxa4 23. c5 Naxc5 24. Nbxc5 Nxc5 25. Nxc5 Qxc5 26. Qxc5 dxc5 27. Rxc5 Rd8 28. Rc7 Rd7 29. Rc3 Rd6 30. Rec1 Bd7 31. Rc7 Rb8 32. f3 Kf8 33. Kf2 Ke8 34. Ke3 Kd8 35. f4 f6 36. fxe5 fxe5 37. Be2 Rc8 38. Rxd7+ Rxd7 39. Rxc8+ Kxc8 40. Bg4 Kc7 41. Bxd7 Kxd7 42. Kd3 b5 43. Kc3 a5 44. Kb3 Kd6 45. g4 g5 46. Kc3 Kc5 47. Kb3 b4 48. Ka4 Kb6 49. Kb3 Kb5 50. Ka2 a4 51. Kb2 b3 52. Ka3 Ka5 53. Kb2 Kb4 54. d6 a3+ 55. Kb1 Kc3 56. d7 a2+ 57. Ka1 Kc2 58. d8Q b2+ 59. Kxa2 0-1

[Event "BRA-ch Amateur"]
[Site "Sao Paulo"]
[Date "2015.04.03"]
[Round "6"]
[White "Fernandes, Jose Francisco"]
[Black "Ferreira, Renato Luis Bueloni"]
[Result "1-0"]
[WhiteElo "1694"]
[BlackElo "1371"]
[PlyCount "72"]
[EventDate "2015.04.30"]
[EventType "swiss"]
[EventRounds "7"]
[EventCountry "BRA"]
[SourceTitle "EXT 2022"]
[Source "ChessBase"]
[SourceDate "2021.10.06"]
[SourceVersion "1"]
[SourceVersionDate "2021.10.06"]
[SourceQuality "1"]

1. e4 d6 2. d4 g6 3. f4 Nf6 4. Bd3 Bg7 5. Nf3 0-0 6. h3 Nbd7 7. c4 b6 8. Nc3 Bb7 9. 0-0 c5 10. d5 a6 11. a4 a5 12. Be3 Nb8 13. f5 Nh5 14. g4 Nf6 15. Qd2 Na6 16. Bh6 Nb4 17. Bb1 Ba6 18. Bxg7 Kxg7 19. b3 h6 20. g5 Nh7 21. gxh6+ Kh8 22. Ne2 Rg8 23. Kh2 g5 24. Qb2+ f6 25. Rg1 Qf8 26. Rg4 Qxh6 27. Bc2 Rg7 28. Rag1 Rag8 29. Bb1 Nf8 30. R1g3 Nd7 31. Qd2 Ne5 32. Nxe5 dxe5 33. Ng1 Rh7 34. Nf3 Rgg7 35. Rh4 gxh4 36. Qxh6 Rxh6 1-0

[Event "Sao Paulo Salles Cup 3rd"]
[Site "Sao Paulo"]
[Date "2015.03.21"]
[Round "4"]
[White "Fernandes, Jose Francisco"]
[Black "Schutt, Helmut Peter"]
[Result "1-0"]
[WhiteElo "1623"]
[BlackElo "1806"]
[PlyCount "33"]
[EventDate "2015.03.20"]
[EventType "swiss"]
[EventRounds "6"]
[EventCountry "BRA"]
[SourceTitle "CBM 165 Extra"]
[Source "ChessBase"]
[SourceDate "2015.04.21"]
[SourceVersion "1"]
[SourceVersionDate "2015.04.21"]
[SourceQuality "1"]

1. e4 c5 2. Nf3 Nc6 3. c3 e6 4. d4 cxd4 5. cxd4 d5 6. e5 Bb4+ 7. Nc3 a6 8. Be2 h6 9. 0-0 b5 10. Be3 f6 11. Rc1 fxe5 12. Nxe5 Nxe5 13. dxe5 Bb7 14. Bh5+ Ke7 15. Qf3 Qb8 16. Qf7+ Kd8 17. Bb6+ 1-0

[Event "Bairro op"]
[Site "Bairro Buritizal"]
[Date "2014.04.12"]
[Round "3"]
[White "Sobral, Juliana Maranduba"]
[Black "Fernandes, Jose Francisco"]
[Result "1-0"]
[WhiteElo "1478"]
[BlackElo "1768"]
[PlyCount "63"]
[EventDate "2014.04.11"]
[EventType "swiss"]
[EventRounds "6"]
[EventCountry "BRA"]
[SourceTitle "CBM 160 Extra"]
[Source "ChessBase"]
[SourceDate "2014.07.01"]
[SourceVersion "1"]
[SourceVersionDate "2014.07.01"]
[SourceQuality "1"]

1. e4 c6 2. Nf3 g6 3. d4 Bg7 4. Nc3 e6 5. Be3 Ne7 6. Qd2 0-0 7. Bh6 f5 8. Bxg7 Kxg7 9. Bd3 f4 10. h4 Ng8 11. d5 exd5 12. exd5 d6 13. 0-0-0 Nd7 14. Rde1 Nc5 15. Ng5 Rf6 16. Nce4 Nxd3+ 17. Qxd3 Rf5 18. dxc6 bxc6 19. Nxd6 Rd5 20. Qc3+ Nf6 21. Nxc8 Qxc8 22. Re7+ Kh6 23. Qxf6 Kh5 24. f3 h6 25. Nh3 g5 26. Qf7+ Kxh4 27. Nxf4+ Kg3 28. Nxd5 cxd5 29. Qxd5 Qf8 30. Re2 Re8 31. Rh3+ Kf4 32. Re4+ 1-0